000 00523cam a22002054a 4500
005 20250605164315.0
008 250528s ||||||||||||||||||||||||d
035 _a22649
020 _a9780138531447
040 _aGR-AtMCL
_bgre
_dGR-AtMCL
_eAACR2
245 1 _aCORPORATE FINANCE AND INVESTMENT / DECISIONS AND STRATEGIES
250 _a1
260 _bPrentice Hall,
_c1993
300 _a612
700 1 _aNeale Bill
_91134
700 1 _aPike Richard
_91135
942 _cBK
999 _c7697
_d7697